[Event "Online Olym Disabilities"]
[Site "Tornelo INT"]
[Date "2020.11.25"]
[Round "5.17"]
[White "Centenaro Erazo, Nicole Daniela"]
[Black "Angot, Cheryl A"]
[Result "0-1"]
[WhiteElo "1304"]
[BlackElo "1315"]
[PlyCount "56"]
[EventDate "2020.11.21"]
[EventType "team-swiss (rapid)"]
[EventRounds "7"]
[EventCountry "NET"]
[SourceTitle "CBM 199 Extra"]
[Source "ChessBase"]
[SourceDate "2021.01.31"]
[SourceVersion "1"]
[SourceVersionDate "2021.01.31"]
[SourceQuality "1"]
[WhiteTeam "Colombia II"]
[BlackTeam "Philippines II"]
[WhiteTeamCountry "COL"]
[BlackTeamCountry "PHI"]

1. e4 e5 2. Nf3 d5 3. Nxe5 dxe4 4. Nc4 Bc5 5. Be2 Nf6 6. 0-0 0-0 7. d3 h6 8. Nc3 Bf5 9. Re1 Nc6 10. Bf1 Ng4 11. Ne3 Qh4 12. Nxg4 Bxg4 13. Qd2 f5 14. g3 Qh5 15. Ne2 Bxf2+ 16. Kxf2 Qxh2+ 17. Bg2 Bf3 18. Nf4 Bxg2 19. Nxg2 Ne5 20. Rg1 f4 21. gxf4 e3+ 22. Kxe3 Qxg1+ 23. Ke4 Ng4 24. Kf3 Nh2+ 25. Ke4 Rfe8+ 26. Kd5 Nf3 27. Qb4 Qxg2 28. Kc4 Qxc2+ 0-1

[Event "Gachantiva op 9th"]
[Site "Gachantiva"]
[Date "2019.06.22"]
[Round "3"]
[White "Vanegas, Ricardo"]
[Black "Centenaro Erazo, Nicole Daniela"]
[Result "1-0"]
[WhiteElo "1807"]
[BlackElo "1376"]
[PlyCount "50"]
[EventDate "2019.06.21"]
[EventType "swiss"]
[EventRounds "7"]
[EventCountry "COL"]
[SourceTitle "CBM 191 Extra"]
[Source "ChessBase"]
[SourceDate "2019.09.30"]
[SourceVersion "1"]
[SourceVersionDate "2019.09.30"]
[SourceQuality "1"]

1. e4 e5 2. Nf3 Nc6 3. Bb5 Nf6 4. Qe2 d6 5. 0-0 Be7 6. c3 Bd7 7. Rd1 a6 8. Ba4 0-0 9. d4 b5 10. Bb3 Na5 11. dxe5 dxe5 12. Nxe5 Nxb3 13. axb3 Bd6 14. Nxd7 Nxd7 15. f4 Re8 16. Nd2 Bxf4 17. Nf3 Bd6 18. Bg5 f6 19. Bh4 Ne5 20. Nd4 Qe7 21. b4 Ng6 22. Bf2 Qxe4 23. Qxe4 Rxe4 24. Nxb5 Re6 25. Nxd6 cxd6 1-0

[Event "Gachantiva op 9th"]
[Site "Gachantiva"]
[Date "2019.06.21"]
[Round "1"]
[White "Lopez Ramirez, David Santiago"]
[Black "Centenaro Erazo, Nicole Daniela"]
[Result "1-0"]
[WhiteElo "1891"]
[BlackElo "1376"]
[PlyCount "75"]
[EventDate "2019.06.21"]
[EventType "swiss"]
[EventRounds "7"]
[EventCountry "COL"]
[SourceTitle "CBM 191 Extra"]
[Source "ChessBase"]
[SourceDate "2019.09.30"]
[SourceVersion "1"]
[SourceVersionDate "2019.09.30"]
[SourceQuality "1"]

1. b3 d5 2. Nf3 Nc6 3. Bb2 Nf6 4. e3 Bg4 5. c4 e6 6. h3 Bh5 7. Be2 Bd6 8. d3 Qd7 9. Nbd2 Bg6 10. a3 0-0 11. 0-0 a5 12. Nh4 e5 13. Nxg6 fxg6 14. cxd5 Nxd5 15. Qc2 Nf6 16. Qc4+ Kh8 17. Bf3 Ra6 18. Ne4 Nxe4 19. Bxe4 Qc8 20. Bc3 Ne7 21. d4 exd4 22. Qxd4 Rf7 23. Bd3 Ra8 24. Bc4 Nf5 25. Qg4 Re7 26. Rfd1 Qe8 27. Qf3 b6 28. b4 Be5 29. Bb5 Qf8 30. Qc6 Bxc3 31. Qxc3 axb4 32. axb4 Rxa1 33. Rxa1 Nd6 34. Bc6 Rf7 35. Ra8 Nc8 36. Bb7 Re7 37. Rxc8 Re8 38. Qxc7 1-0

[Event "COL-ch U1700"]
[Site "Pereira"]
[Date "2019.03.24"]
[Round "6"]
[White "Herrera Cortes, Luis Felipe"]
[Black "Centenaro Erazo, Nicole Daniela"]
[Result "1-0"]
[WhiteElo "1376"]
[BlackElo "1668"]
[PlyCount "79"]
[EventDate "2019.03.21"]
[EventType "swiss"]
[EventRounds "9"]
[EventCountry "COL"]
[SourceTitle "CBM 189 Extra"]
[Source "ChessBase"]
[SourceDate "2019.06.03"]
[SourceVersion "1"]
[SourceVersionDate "2019.06.03"]
[SourceQuality "1"]

1. e4 e5 2. Nf3 Nc6 3. Bc4 Nf6 4. d3 h6 5. c3 Bc5 6. Bb3 d6 7. Nbd2 0-0 8. Nf1 Bg4 9. h3 Bh5 10. Ng3 Bg6 11. Nh4 Ne7 12. Ngf5 Kh7 13. Nxe7 Qxe7 14. Qf3 c6 15. Be3 Bb6 16. g4 Nxe4 17. Nxg6 fxg6 18. Qxe4 Qf6 19. Bxb6 axb6 20. Rf1 Qh4 21. Qe3 d5 22. 0-0-0 Rae8 23. Qg3 Qe7 24. Rde1 Qg5+ 25. Kc2 Re7 26. h4 Qf6 27. f3 Ref7 28. Rf2 Qd6 29. Qxe5 Qxe5 30. Rxe5 Rxf3 31. Rxf3 Rxf3 32. g5 h5 33. Re7 Rh3 34. Rxb7 b5 35. Rb6 Rxh4 36. Rxc6 Rh2+ 37. Kc1 Rh1+ 38. Bd1 Rg1 39. Rc5 Rxg5 40. Rxb5 1-0